[Event "Titled Tuesday intern op 03rd Jan Late"]
[Site "Chess.com INT"]
[Date "2025.06.03"]
[Round "9"]
[White "Becking, Stephan"]
[Black "Aliyev, Elnur Fakhraddin Og"]
[Result "0-1"]
[WhiteElo "2410"]
[BlackElo "2155"]
[PlyCount "82"]
[EventDate "2025.06.03"]
[EventType "swiss (blitz)"]
[EventRounds "11"]
[EventCountry "USA"]
[SourceTitle "CB24_2025"]
[SourceDate "2025.06.11"]
[SourceVersion "1"]
[SourceVersionDate "2025.06.11"]
[SourceQuality "1"]

1. d4 f5 2. g4 fxg4 3. h3 g3 4. fxg3 e6 5. Nf3 b6 6. Nc3 Bb7 7. e4 Bb4 8. Bd3 Nf6 9. Qe2 c5 10. a3 Bxc3+ 11. bxc3 c4 12. Bxc4 Bxe4 13. 0-0 0-0 14. Bg5 Qc7 15. Bf4 Qb7 16. Ng5 Bg6 17. Bd6 Re8 18. Rae1 a6 19. Be5 Nd5 20. Qf3 Nc6 21. Bxd5 exd5 22. Qxd5+ Kh8 23. Bf4 h6 24. Nf7+ Bxf7 25. Qxf7 Rf8 26. Qd5 Rae8 27. Re4 Na5 28. Qxb7 Nxb7 29. Rfe1 Rxe4 30. Rxe4 Rc8 31. Bd2 Nd6 32. Re7 Nc4 33. Bf4 d5 34. Rd7 Nxa3 35. Be5 Nc4 36. Bxg7+ Kg8 37. Bf6 Ne3 38. Rg7+ Kf8 39. Rb7 Rxc3 40. Bg7+ Kg8 41. Bxh6 Nf5 0-1

[Event "Titled Tuesday intern op 03rd Jan Late"]
[Site "Chess.com INT"]
[Date "2025.06.03"]
[Round "2"]
[White "Papasimakopoulos, Alexandros"]
[Black "Becking, Stephan"]
[Result "1-0"]
[WhiteElo "2366"]
[BlackElo "2410"]
[PlyCount "97"]
[EventDate "2025.06.03"]
[EventType "swiss (blitz)"]
[EventRounds "11"]
[EventCountry "USA"]
[SourceTitle "CB24_2025"]
[SourceDate "2025.06.11"]
[SourceVersion "1"]
[SourceVersionDate "2025.06.11"]
[SourceQuality "1"]

1. d4 Nf6 2. c4 e6 3. Nc3 Bb4 4. Qc2 d5 5. cxd5 exd5 6. Bg5 c6 7. e3 Bg4 8. Bd3 Bh5 9. Nge2 Bg6 10. Nf4 Be7 11. 0-0 0-0 12. Rab1 Re8 13. b4 a6 14. a4 b5 15. Bxg6 hxg6 16. Bxf6 Bxf6 17. Nce2 Qb6 18. Rfc1 Ra7 19. a5 Qd8 20. Rb3 Be7 21. Nd3 Bd6 22. h3 Rc7 23. Nef4 Rce7 24. Rc3 Qd7 25. Ne2 Qf5 26. Nc5 Qxc2 27. R3xc2 Bxc5 28. Rxc5 Re6 29. Nf4 Rd6 30. Nd3 f6 31. R5c2 Kf7 32. Nc5 g5 33. Kf1 g6 34. Ke2 Rdd8 35. Kd3 f5 36. f3 Re7 37. Re2 Rde8 38. Rce1 Ra7 39. e4 dxe4+ 40. fxe4 Nd7 41. exf5 Nxc5+ 42. dxc5 Rd8+ 43. Kc3 gxf5 44. Re5 Rad7 45. Rxf5+ Kg6 46. Rf3 Rd1 47. Re6+ Kg7 48. Rf2 Rc1+ 49. Kb2 1-0

[Event "Titled Tuesday intern op 03rd Jan Late"]
[Site "Chess.com INT"]
[Date "2025.06.03"]
[Round "4"]
[White "Povshednyi, Ivan"]
[Black "Becking, Stephan"]
[Result "1/2-1/2"]
[WhiteElo "2320"]
[BlackElo "2410"]
[PlyCount "101"]
[EventDate "2025.06.03"]
[EventType "swiss (blitz)"]
[EventRounds "11"]
[EventCountry "USA"]
[SourceTitle "CB24_2025"]
[SourceDate "2025.06.11"]
[SourceVersion "1"]
[SourceVersionDate "2025.06.11"]
[SourceQuality "1"]

1. d4 Nf6 2. c4 e6 3. Nc3 Bb4 4. e3 c5 5. a3 Bxc3+ 6. bxc3 d5 7. cxd5 exd5 8. Bd3 0-0 9. Ne2 Nc6 10. 0-0 Bg4 11. f3 Bh5 12. Ng3 Bg6 13. Bb2 Re8 14. Bxg6 hxg6 15. Qd3 Na5 16. e4 cxd4 17. cxd4 Nc4 18. Bc1 b5 19. Bg5 Qb6 20. Bxf6 Qxf6 21. Rab1 a6 22. Kh1 Qf4 23. Rfe1 dxe4 24. fxe4 Rad8 25. d5 Ne5 26. Qe3 Qh4 27. h3 Nc4 28. Qd3 Re5 29. Kh2 Rde8 30. Rbd1 Rd8 31. Rf1 Rg5 32. Qf3 Ne5 33. Qf4 Qh6 34. Rf2 Ng4+ 35. Kg1 Nxf2 36. Qxf2 Re5 37. Qd4 Re7 38. Nf1 Qf4 39. Nd2 Qe5 40. Qd3 Rc8 41. Nf3 Qc3 42. Qxc3 Rxc3 43. d6 Rd7 44. e5 Rxa3 45. e6 fxe6 46. Ne5 Rd8 47. Nc6 Rd7 48. Ne5 Rd8 49. Nc6 Rd7 50. Nb8 Rd8 51. Nc6 1/2-1/2

[Event "Titled Tuesday intern op 20th May Late"]
[Site "Chess.com INT"]
[Date "2025.05.20"]
[Round "5"]
[White "Becking, Stephan"]
[Black "Khalafvand, Dorsa Sadat"]
[Result "1-0"]
[WhiteElo "2410"]
[BlackElo "1985"]
[PlyCount "97"]
[EventDate "2025.05.20"]
[EventType "swiss (blitz)"]
[EventRounds "11"]
[EventCountry "USA"]
[SourceTitle "CB22_2025"]
[SourceDate "2025.05.28"]
[SourceVersion "1"]
[SourceVersionDate "2025.05.28"]
[SourceQuality "1"]

1. d4 d5 2. Nf3 Nf6 3. c3 c6 4. Bf4 Bf5 5. Qb3 Qb6 6. Nbd2 Nbd7 7. e3 e6 8. h3 h6 9. Be2 Be7 10. 0-0 0-0 11. Rfe1 Rfe8 12. Ne5 c5 13. Nxd7 Nxd7 14. Bf3 c4 15. Qxb6 axb6 16. e4 dxe4 17. Nxe4 b5 18. Ng3 g5 19. Nxf5 exf5 20. Bxb7 Ra7 21. Bd6 Rxb7 22. Bxe7 Nb6 23. Bc5 Rd8 24. Re5 Rd5 25. Re8+ Kh7 26. Bxb6 Rxb6 27. a3 Re6 28. Re1 Rxe1+ 29. Rxe1 f6 30. f4 Kg6 31. Kf2 Kf7 32. Kf3 Rd6 33. g4 Rd5 34. Ra1 fxg4+ 35. hxg4 Rd6 36. f5 Ke7 37. Rh1 Kf7 38. Rxh6 Kg7 39. Rh1 Ra6 40. Re1 Kf7 41. d5 Rd6 42. Ke4 Rd8 43. Kd4 Rh8 44. d6 Rh2 45. Kc5 Rxb2 46. d7 Rd2 47. Kc6 b4 48. axb4 Rd3 49. Kc7 1-0

[Event "Titled Tuesday intern op 01st Apr Late"]
[Site "Chess.com INT"]
[Date "2025.04.01"]
[Round "3"]
[White "Becking, Stephan"]
[Black "Lazniewska, Zofia"]
[Result "1-0"]
[WhiteElo "2410"]
[BlackElo "1921"]
[PlyCount "125"]
[EventDate "2025.04.01"]
[EventType "swiss (blitz)"]
[EventRounds "11"]
[EventCountry "USA"]
[SourceTitle "CB21_2025"]
[SourceDate "2025.05.21"]
[SourceVersion "1"]
[SourceVersionDate "2025.05.21"]
[SourceQuality "1"]

1. d4 d5 2. Nf3 Nf6 3. c3 e6 4. Bg5 Be7 5. Nbd2 0-0 6. e3 Nbd7 7. Bd3 c6 8. Qe2 h6 9. Bh4 Re8 10. 0-0 b6 11. Rfe1 Bb7 12. h3 Rc8 13. Bg3 c5 14. Rad1 Nf8 15. e4 dxe4 16. Nxe4 Nxe4 17. Bxe4 Bxe4 18. Qxe4 cxd4 19. Nxd4 Qd7 20. a4 Qxa4 21. Ra1 Qc4 22. Rxa7 Bf6 23. Nf3 Qxe4 24. Rxe4 Red8 25. Rb4 Nd7 26. Bc7 Ra8 27. Rxa8 Rxa8 28. Bxb6 Nxb6 29. Rxb6 Bd8 30. Rb7 g6 31. g4 Kg7 32. Kg2 Bf6 33. h4 Ra2 34. g5 hxg5 35. hxg5 Bd8 36. Ne5 Bxg5 37. Rxf7+ Kg8 38. Rb7 Bc1 39. Nd3 Bg5 40. Kf3 Ra4 41. Rb4 Ra5 42. Ke4 Rd5 43. Rc4 Bh4 44. f3 Bf6 45. Rc5 Rd7 46. Nf4 Kf7 47. Nd3 Rb7 48. f4 Ke7 49. b4 Kf7 50. Ne5+ Kg7 51. Rc6 Bxe5 52. Kxe5 Kf7 53. Ke4 Kf6 54. Rc5 Rb6 55. b5 Kf7 56. c4 Kf6 57. Rc6 Rb7 58. b6 Rb8 59. c5 Ra8 60. b7 Ra4+ 61. Kd3 Rb4 62. Rb6 Rxf4 63. b8Q 1-0

[Event "Titled Tuesday intern op 01st Apr Late"]
[Site "Chess.com INT"]
[Date "2025.04.01"]
[Round "4"]
[White "Becking, Stephan"]
[Black "Martinovici, Ilie"]
[Result "0-1"]
[WhiteElo "2410"]
[BlackElo "2459"]
[PlyCount "84"]
[EventDate "2025.04.01"]
[EventType "swiss (blitz)"]
[EventRounds "11"]
[EventCountry "USA"]
[SourceTitle "CB21_2025"]
[SourceDate "2025.05.21"]
[SourceVersion "1"]
[SourceVersionDate "2025.05.21"]
[SourceQuality "1"]

1. d4 b6 2. Nf3 Bb7 3. c3 f5 4. Bf4 Nf6 5. h3 e6 6. Nbd2 d6 7. e3 Nbd7 8. Qc2 Ne4 9. Nxe4 Bxe4 10. Bd3 Nf6 11. Bxe4 Nxe4 12. Nd2 Nxd2 13. Qxd2 Be7 14. Qe2 d5 15. 0-0 0-0 16. f3 Bd6 17. Bxd6 Qxd6 18. e4 c5 19. dxc5 Qxc5+ 20. Kh1 dxe4 21. fxe4 Qe5 22. Rfe1 f4 23. Rf1 Rad8 24. Rad1 h6 25. Qf3 g5 26. a3 Kg7 27. Rd3 Rxd3 28. Qxd3 Rf7 29. Kg1 Kg6 30. Rf2 Qc7 31. e5+ Rf5 32. Re2 Kg7 33. Qd4 Qc5 34. Kf2 Qc6 35. a4 f3 36. gxf3 Qxf3+ 37. Ke1 Rf7 38. Kd2 Qxh3 39. Kc2 Qf1 40. Rd2 Qf4 41. Qd6 Qxa4+ 42. Kd3 Rd7 0-1

[Event "Titled Tuesday intern op 01st Apr Late"]
[Site "Chess.com INT"]
[Date "2025.04.01"]
[Round "9"]
[White "Shandrygin, Nikita"]
[Black "Becking, Stephan"]
[Result "1/2-1/2"]
[WhiteElo "2209"]
[BlackElo "2410"]
[PlyCount "96"]
[EventDate "2025.04.01"]
[EventType "swiss (blitz)"]
[EventRounds "11"]
[EventCountry "USA"]
[SourceTitle "CB15_2025"]
[SourceDate "2025.04.09"]
[SourceVersion "1"]
[SourceVersionDate "2025.04.09"]
[SourceQuality "1"]

1. Nf3 d5 2. g3 Bg4 3. Ne5 Bf5 4. d4 c6 5. Bg2 e6 6. 0-0 Nd7 7. b3 Ngf6 8. Bb2 Nxe5 9. dxe5 Nd7 10. Nd2 Qc7 11. f4 Bc5+ 12. Kh1 Rd8 13. h3 h5 14. e4 dxe4 15. Qe2 e3 16. Nc4 Nb6 17. Nd6+ Bxd6 18. exd6 Qxd6 19. Bxg7 Rg8 20. Rad1 Qc5 21. Rxd8+ Kxd8 22. Bf6+ Kc8 23. Kh2 Qxc2 24. Qxe3 Nd5 25. Qd4 Nxf6 26. Qxf6 Be4 27. Rg1 Bxg2 28. Rxg2 Qg6 29. Qd4 h4 30. g4 Rd8 31. Qxa7 Qe4 32. Qa8+ Kc7 33. Qa5+ Kc8 34. Qg5 Rd3 35. Qg8+ Kc7 36. Qxf7+ Kb8 37. Qf8+ Ka7 38. Qc5+ Kb8 39. Qf2 Rf3 40. Qd2 Rd3 41. Qf2 Rf3 42. Qd2 Rd3 43. Qc1 Qf3 44. g5 Qxh3+ 45. Kg1 Qf3 46. Kh2 Qh3+ 47. Kg1 Qf3 48. Kh2 Qh3+ 1/2-1/2

[Event "Titled Tuesday intern op 01st Apr Late"]
[Site "Chess.com INT"]
[Date "2025.04.01"]
[Round "2"]
[White "Sooraj, Menothuparam Raju"]
[Black "Becking, Stephan"]
[Result "0-1"]
[WhiteElo "2154"]
[BlackElo "2410"]
[PlyCount "51"]
[EventDate "2025.04.01"]
[EventType "swiss (blitz)"]
[EventRounds "11"]
[EventCountry "USA"]
[SourceTitle "CB15_2025"]
[SourceDate "2025.04.09"]
[SourceVersion "1"]
[SourceVersionDate "2025.04.09"]
[SourceQuality "1"]

1. Nf3 d5 2. d4 c6 3. e3 Nf6 4. c4 e6 5. Nbd2 Nbd7 6. b3 Bd6 7. Bb2 Qe7 8. Ne5 Ba3 9. Qc1 Bxb2 10. Qxb2 Nxe5 11. dxe5 Nd7 12. Be2 0-0 13. 0-0 Rd8 14. Rfd1 b6 15. cxd5 exd5 16. f4 Bb7 17. Nf3 f6 18. e4 dxe4 19. Nd4 fxe5 20. Bc4+ Kh8 21. Ne6 Rdc8 22. fxe5 b5 23. Nxg7 Qxg7 24. Rxd7 Qxd7 25. e6+ Qg7 26. Qd2 0-1

[Event "Titled Tuesday intern op 25th Feb Early"]
[Site "Chess.com INT"]
[Date "2025.02.25"]
[Round "2"]
[White "Maksimovic, Bojan"]
[Black "Becking, Stephan"]
[Result "1-0"]
[WhiteElo "2505"]
[BlackElo "2410"]
[PlyCount "81"]
[EventDate "2025.02.25"]
[EventType "swiss (blitz)"]
[EventRounds "11"]
[EventCountry "USA"]
[SourceTitle "CB10_2025"]
[SourceDate "2025.03.05"]
[SourceVersion "1"]
[SourceVersionDate "2025.03.05"]
[SourceQuality "1"]

1. d4 d5 2. c3 c6 3. Bf4 Nf6 4. Nf3 Bf5 5. Nbd2 Nbd7 6. g3 e6 7. Bg2 Be7 8. 0-0 h6 9. Re1 0-0 10. Ne5 Rc8 11. b4 Nxe5 12. Bxe5 b6 13. e4 Nxe4 14. Nxe4 Bxe4 15. Bxe4 dxe4 16. Rxe4 Bf6 17. Qf3 Qe7 18. Bxf6 Qxf6 19. Qxf6 gxf6 20. a4 c5 21. dxc5 bxc5 22. b5 Rfd8 23. Rc4 Kf8 24. Kf1 h5 25. Ke2 Ke7 26. Rd1 Rxd1 27. Kxd1 Rd8+ 28. Kc2 Rd5 29. Re4 Kd7 30. c4 Rd4 31. Rf4 Rxf4 32. gxf4 f5 33. a5 f6 34. Kd3 e5 35. Ke3 Kd6 36. Kf3 h4 37. Kg2 e4 38. Kh3 Kd7 39. Kxh4 Kd6 40. Kg3 e3 41. fxe3 1-0

[Event "Oberliga Sued W 1819"]
[Site "Germany"]
[Date "2019.03.24"]
[Round "8.3"]
[White "Becking, Stephan"]
[Black "Feldmann, Johannes"]
[Result "1-0"]
[WhiteElo "2413"]
[BlackElo "2224"]
[PlyCount "57"]
[EventDate "2018.10.21"]
[EventType "team-tourn"]
[EventRounds "9"]
[EventCountry "GER"]
[SourceTitle "EXT 2020"]
[Source "ChessBase"]
[SourceDate "2019.10.17"]
[SourceVersion "1"]
[SourceVersionDate "2019.10.17"]
[SourceQuality "1"]
[WhiteTeam "Landau"]
[BlackTeam "Worms"]
[WhiteTeamCountry "GER"]
[BlackTeamCountry "GER"]

1. Nf3 Nf6 2. g3 d5 3. Bg2 c6 4. 0-0 Bf5 5. d3 e6 6. Nc3 h6 7. Qe1 Be7 8. e4 Bh7 9. Ne5 0-0 10. f4 Nbd7 11. Nf3 Nc5 12. e5 Nfd7 13. g4 a5 14. Kh1 Qc7 15. Ne2 Rfe8 16. Ng3 Bf8 17. g5 hxg5 18. Nxg5 Bg6 19. d4 Na6 20. c3 c5 21. f5 exf5 22. Nxf5 cxd4 23. cxd4 Nb4 24. Qg3 Ra6 25. a3 Nc2 26. Bxd5 Nxa1 27. Nxf7 Bxf7 28. Bxf7+ Kh7 29. Qh3+ 1-0

[Event "Oberliga Sued W 1617"]
[Site "Germany"]
[Date "2017.02.19"]
[Round "6.1"]
[White "Ovsejevitsch, Sergei"]
[Black "Becking, Stephan"]
[Result "1-0"]
[WhiteElo "2579"]
[BlackElo "2419"]
[PlyCount "67"]
[EventDate "2016.09.25"]
[EventType "team-tourn"]
[EventRounds "9"]
[EventCountry "GER"]
[SourceTitle "EXT 2018"]
[Source "ChessBase"]
[SourceDate "2017.10.13"]
[SourceVersion "1"]
[SourceVersionDate "2017.10.13"]
[SourceQuality "1"]
[WhiteTeam "Gau Algesheim"]
[BlackTeam "Landau"]
[WhiteTeamCountry "GER"]
[BlackTeamCountry "GER"]

1. d4 Nf6 2. c4 e6 3. Nf3 Bb4+ 4. Nbd2 b6 5. g3 Bb7 6. Bg2 0-0 7. 0-0 Qc8 8. Qc2 c5 9. dxc5 Bxc5 10. b3 Be7 11. Bb2 d6 12. a4 Nbd7 13. e4 Rd8 14. Nd4 Bf8 15. a5 e5 16. Nb5 d5 17. exd5 Bxd5 18. Bxd5 Nxd5 19. axb6 Nb4 20. Qf5 a6 21. Ne4 Nxb6 22. Qxc8 Raxc8 23. Nbc3 f5 24. Ng5 Rd2 25. Nd1 Rd3 26. Bc3 Be7 27. Bxb4 Bxb4 28. Rxa6 Bc5 29. Ne3 f4 30. Nf5 Rxb3 31. Ra7 Bf8 32. Ne6 fxg3 33. hxg3 Nxc4 34. Nexg7 1-0

[Event "Oberliga Sued W 1617"]
[Site "Germany"]
[Date "2017.01.15"]
[Round "5.1"]
[White "Becking, Stephan"]
[Black "Gohil, Harry"]
[Result "1/2-1/2"]
[WhiteElo "2419"]
[BlackElo "2293"]
[PlyCount "113"]
[EventDate "2016.09.25"]
[EventType "team-tourn"]
[EventRounds "9"]
[EventCountry "GER"]
[SourceTitle "EXT 2018"]
[Source "ChessBase"]
[SourceDate "2017.10.13"]
[SourceVersion "1"]
[SourceVersionDate "2017.10.13"]
[SourceQuality "1"]
[WhiteTeam "Landau"]
[BlackTeam "Schott Mainz"]
[WhiteTeamCountry "GER"]
[BlackTeamCountry "GER"]

1. Nf3 Nf6 2. c4 g6 3. Nc3 Bg7 4. d4 0-0 5. g3 d6 6. Bg2 Nc6 7. d5 Na5 8. Nd2 c5 9. 0-0 Ng4 10. Qc2 a6 11. Rb1 Ne5 12. b3 f5 13. f4 Ng4 14. Nf3 b5 15. h3 Nf6 16. Kh2 Bd7 17. Nd2 Rb8 18. e4 Qc7 19. cxb5 axb5 20. Re1 e5 21. dxe6 Bxe6 22. e5 dxe5 23. Rxe5 Bf7 24. Nf3 b4 25. Nd1 Ne4 26. Bb2 Nc6 27. Rxc5 Nxc5 28. Bxg7 Kxg7 29. Qxc5 Rfc8 30. Ne3 Qe7 31. Qxe7 Nxe7 32. Ne5 Rc7 33. Rd1 Ra7 34. Rd2 Rb6 35. Bf1 Be6 36. g4 Bc8 37. Kg3 Ba6 38. Bg2 Bb5 39. Bf3 fxg4 40. hxg4 Rba6 41. Rd4 Rxa2 42. Rxb4 Be2 43. Bg2 R2a5 44. Rd4 Ra3 45. Rb4 Rc7 46. Nd5 Nxd5 47. Bxd5 Ra5 48. Be6 Rb5 49. Rd4 Rb6 50. f5 Re7 51. Kf4 Ra6 52. Rd5 gxf5 53. gxf5 Raxe6 54. fxe6 Kf6 55. Rd2 Bb5 56. Rd5 Be8 57. Ng4+ 1/2-1/2

[Event "Oberliga Sued W 1617"]
[Site "Germany"]
[Date "2016.09.25"]
[Round "1.1"]
[White "Nasshan, Dennis"]
[Black "Becking, Stephan"]
[Result "1/2-1/2"]
[WhiteElo "2302"]
[BlackElo "2419"]
[PlyCount "61"]
[EventDate "2016.09.25"]
[EventType "team-tourn"]
[EventRounds "9"]
[EventCountry "GER"]
[SourceTitle "EXT 2018"]
[Source "ChessBase"]
[SourceDate "2017.10.13"]
[SourceVersion "1"]
[SourceVersionDate "2017.10.13"]
[SourceQuality "1"]
[WhiteTeam "Worms"]
[BlackTeam "Landau"]
[WhiteTeamCountry "GER"]
[BlackTeamCountry "GER"]

1. d4 Nf6 2. c4 g6 3. Nc3 Bg7 4. e4 d6 5. f3 0-0 6. Be3 e5 7. d5 a5 8. Qd2 h6 9. 0-0-0 Kh7 10. Nge2 Na6 11. Kb1 Bd7 12. g4 Ne8 13. Ng3 Nc5 14. Nb5 Qe7 15. h4 Rg8 16. h5 g5 17. Ne2 Qf6 18. Bg2 Bf8 19. Nc1 c6 20. Nc3 Bc8 21. Rhe1 Qe7 22. Bf1 Qc7 23. Be2 f6 24. Bf1 Rg7 25. Qf2 a4 26. Qc2 Qa5 27. Bd2 Qb6 28. Be3 Qa5 29. Bd2 Qb6 30. Be3 Qa5 31. Bd2 1/2-1/2

[Event "Oberliga Sued W 1415"]
[Site "Germany"]
[Date "2015.03.15"]
[Round "8.1"]
[White "Reha, Fauad"]
[Black "Becking, Stephan"]
[Result "0-1"]
[WhiteElo "1976"]
[BlackElo "2434"]
[PlyCount "52"]
[EventDate "2014.09.21"]
[EventType "team-tourn"]
[EventRounds "9"]
[EventCountry "GER"]
[SourceTitle "EXT 2019"]
[Source "ChessBase"]
[SourceDate "2018.10.10"]
[SourceVersion "1"]
[SourceVersionDate "2018.10.10"]
[SourceQuality "1"]
[WhiteTeam "Mutterstadt"]
[BlackTeam "Landau"]
[WhiteTeamCountry "GER"]
[BlackTeamCountry "GER"]

1. d4 Nf6 2. e3 c5 3. c3 b6 4. Nf3 Bb7 5. Be2 e6 6. 0-0 d6 7. Nbd2 Nbd7 8. Qa4 a6 9. Ne1 Be7 10. f3 Nd5 11. Ne4 0-0 12. Qd1 f5 13. Nf2 Bg5 14. Nc2 Kh8 15. Re1 Bh4 16. Rf1 Qe7 17. c4 Nc7 18. b3 Rad8 19. Bd3 d5 20. Qe2 e5 21. cxd5 e4 22. fxe4 Bxf2+ 23. Qxf2 fxe4 24. Qg3 exd3 25. Qxc7 Rxf1+ 26. Kxf1 Rf8+ 0-1

[Event "Oberliga Sued W 1112"]
[Site "Germany"]
[Date "2012.02.05"]
[Round "6"]
[White "Haasler, Andreas"]
[Black "Becking, Stephan"]
[Result "0-1"]
[WhiteElo "2263"]
[BlackElo "2415"]
[PlyCount "98"]
[EventDate "2011.09.25"]
[EventType "team-tourn"]
[EventRounds "9"]
[EventCountry "GER"]
[SourceTitle "EXT 2013"]
[Source "ChessBase"]
[SourceDate "2012.11.22"]
[SourceVersion "1"]
[SourceVersionDate "2012.11.22"]
[SourceQuality "1"]
[WhiteTeam "Heidesheim"]
[BlackTeam "Illingen"]
[WhiteTeamCountry "GER"]
[BlackTeamCountry "GER"]

1. e4 d5 2. exd5 Qxd5 3. Nc3 Qa5 4. d4 Nf6 5. Nf3 c6 6. Bd2 Bg4 7. h3 Bxf3 8. Qxf3 Nbd7 9. Bc4 e6 10. 0-0 Qb6 11. Qe2 Qxd4 12. Rfe1 Bd6 13. Rad1 Qe5 14. Qd3 Qh2+ 15. Kf1 0-0-0 16. Ne4 Bc7 17. Nxf6 gxf6 18. Bc3 Qh1+ 19. Ke2 Qxg2 20. Qe3 Bb6 21. Qf4 Bxf2 22. Qxf2 Qe4+ 23. Kd2 Qxc4 24. Qxa7 Qf4+ 25. Ke2 Qh2+ 26. Qf2 Qxh3 27. Rd4 Qh5+ 28. Kd2 Qg5+ 29. Ke2 Rhg8 30. Red1 Qc5 31. Rh4 Qb5+ 32. Ke1 Rg5 33. Rf4 Rdg8 34. Qe2 Rg1+ 35. Rf1 Qxe2+ 36. Kxe2 R8g2+ 37. Kd3 Rxf1 38. Rxf1 Rg6 39. Rh1 h6 40. Bd2 Ne5+ 41. Ke4 Rg4+ 42. Ke3 Ra4 43. Bc3 Rxa2 44. Bxe5 fxe5 45. Rxh6 Kd7 46. Ke4 Rxb2 47. Rh2 Rb5 48. Rh7 Ke7 49. c4 Rc5 0-1

[Event "Torredembarra op 13th"]
[Site "Torredembarra"]
[Date "2011.07.10"]
[Round "9"]
[White "Becking, Stephan"]
[Black "Oms Pallisse, Josep"]
[Result "1/2-1/2"]
[WhiteElo "2415"]
[BlackElo "2489"]
[PlyCount "138"]
[EventDate "2011.07.02"]
[EventType "swiss"]
[EventRounds "9"]
[EventCountry "ESP"]
[SourceTitle "EXT 2012"]
[Source "ChessBase"]
[SourceDate "2011.11.24"]
[SourceVersion "1"]
[SourceVersionDate "2011.11.24"]
[SourceQuality "1"]

1. Nf3 Nf6 2. c4 e6 3. d4 Bb4+ 4. Bd2 Qe7 5. Nc3 0-0 6. g3 Bxc3 7. Bxc3 Ne4 8. Qd3 Nxc3 9. Qxc3 d6 10. Bg2 Nc6 11. d5 Nd8 12. 0-0 e5 13. e4 c5 14. Nd2 Bd7 15. f4 f6 16. Rf2 Nf7 17. Qd3 Qd8 18. Qf1 Qc8 19. h3 a6 20. Rc1 Rb8 21. Kh2 Qd8 22. b3 Qe7 23. Bf3 b5 24. Qd1 Nh6 25. f5 g6 26. g4 b4 27. Nf1 a5 28. Qd2 Nf7 29. Re1 a4 30. Bd1 Ra8 31. Ng3 axb3 32. Bxb3 g5 33. Nh5 Ra3 34. Re3 Rfa8 35. Rg2 Be8 36. Qf2 Kf8 37. Ng3 Nd8 38. Nf1 Ba4 39. h4 Nf7 40. Nd2 Bxb3 41. axb3 Ra2 42. hxg5 Nxg5 43. Qh4 Qg7 44. Nf3 Rxg2+ 45. Kxg2 Ra2+ 46. Kg3 Rc2 47. Nxg5 Qxg5 48. Qxg5 fxg5 49. Kf3 Kg7 50. Kg3 Kf6 51. Kh3 Rc3 52. Rg3 Rc2 53. Re3 Rc3 54. Rg3 Rc1 55. Re3 Rh1+ 56. Kg2 Rh4 57. Kg3 h5 58. gxh5 Rxh5 59. Kg4 Rh4+ 60. Kg3 Rh1 61. Kg2 Rh4 62. Kg3 Rf4 63. Kh3 Rf1 64. Kg2 Rf4 65. Kh3 Kg7 66. Kg2 Kf6 67. Kh3 Rh4+ 68. Kg3 Rf4 69. Kh3 Rh4+ 1/2-1/2

[Event "Oberliga Sued W 1011"]
[Site "Germany"]
[Date "2011.04.10"]
[Round "9.2"]
[White "Hermann, Thomas"]
[Black "Becking, Stephan"]
[Result "0-1"]
[WhiteElo "2118"]
[BlackElo "2368"]
[PlyCount "76"]
[EventDate "2010.10.10"]
[EventType "team-tourn"]
[EventRounds "9"]
[EventCountry "GER"]
[SourceTitle "EXT 2012"]
[Source "ChessBase"]
[SourceDate "2011.11.24"]
[SourceVersion "1"]
[SourceVersionDate "2011.11.24"]
[SourceQuality "1"]
[WhiteTeam "Winterbach Turm"]
[BlackTeam "Illingen"]
[WhiteTeamCountry "GER"]
[BlackTeamCountry "GER"]

1. d4 Nf6 2. c4 e6 3. Nf3 Bb4+ 4. Nbd2 b6 5. e3 Bb7 6. Be2 0-0 7. 0-0 Bxd2 8. Nxd2 d6 9. Qc2 c5 10. dxc5 dxc5 11. b3 Qe7 12. Bb2 Nc6 13. Qc3 Rfd8 14. Ne4 Ne8 15. Ng3 f6 16. Rad1 Nd6 17. Qc2 g6 18. Bc3 e5 19. Qb2 Rf8 20. Rd2 Rad8 21. Rfd1 f5 22. Rd5 Nd4 23. exd4 exd4 24. Be1 Bxd5 25. cxd5 Qe5 26. Bf3 Ne4 27. b4 Qxd5 28. Qc2 d3 29. Qb2 Qd4 30. Qxd4 Rxd4 31. Nxe4 fxe4 32. Bg4 Kf7 33. bxc5 bxc5 34. Bd2 e3 35. Bxe3 Rxg4 36. Rxd3 Ra4 37. a3 c4 38. Rd7+ Ke6 0-1